000 00975nam a2200217Ia 4500
999 _c38883
_d38883
003 OSt
005 20210423131753.0
008 160316s1959 xxu||||| |||| 00| 0 eng d
020 _a9780156792011
040 _cn
082 _a290.000000
_bELI
100 _aEliade Mircea
245 _aThe sacred and the profane : The nature of religion
260 _aNew York
_bHarcourt, Brace
_c1959
300 _a256p
365 _b Gratis
505 _aSummary: In The Sacred and the Profane, Mircea Eliade observes that while contemporary people believe their world is entirely profane, or secular, they still at times find themselves connected unconsciously to the memory of something sacred. It's this premise that both drives Eliade's exhaustive exploration of the sacred--as it has manifested in space, time, nature and the cosmos, and life itself--and buttresses his expansive view of the human experience.
650 _a1. Religion
700 _a
_a
942 _2ddc
_cBK